La vida es sueño /
Guardado en:
| Autor Principal: | |
|---|---|
| Otros Autores: | , |
| Formato: | Libro |
| Publicado: |
Buenos Aires :
Kapelusz,
1965
|
| Edición: | 8a. ed. / dirigida por maría hortensia lacau |
| Series: | Grandes obras de la literatura universal
|
| Materias: | |
| Etiquetas: |
Agregar Etiqueta
Sin Etiquetas, Sea el primero en etiquetar este registro!
|
| LEADER | 01386nam a22003255a 4500 | ||
|---|---|---|---|
| 001 | CEM.cems001333 | ||
| 005 | 20061023152116.0 | ||
| 008 | 130507s1965##################000#0#####d | ||
| 003 | CEMS | ||
| 082 | 0 | 4 | |a 862.3 |
| 100 | 1 | |a Calderón De La Barca, Pedro | |
| 245 | 1 | 0 | |a La vida es sueño / |c Pedro Calderón de La Barca ; estudio Preliminar y Notas de María Elva Foix |
| 250 | |a 8a. ed. / dirigida por maría hortensia lacau | ||
| 260 | |a Buenos Aires : |b Kapelusz, |c 1965 | ||
| 300 | |a 123 p. | ||
| 490 | 0 | |a Grandes obras de la literatura universal | |
| 653 | |a Literatura | ||
| 653 | |a Literatura española | ||
| 653 | |a Teatro | ||
| 700 | 1 | |a Foix, María Elva | |
| 700 | 1 | |a Lacau, María Hortensia | |
| 859 | |a CEMS |b BIB. CEMS - 11 de abril |h 862.3 |i C127-2a8 |p 3996.75 |t Ej.1 | ||
| 859 | |a CEMS |b BIB. CEMS - 11 de abril |h 862.3 |i C127-2a8 |p 3997.75 |t Ej.2 | ||
| 859 | |a CEMS |b BIB. CEMS - 11 de abril |h 862.3 |i C127-2a8 |p 3998.75 |t Ej.3 | ||
| 859 | |a CEMS |b BIB. CEMS - 11 de abril |h 862.3 |i C127-2a8 |p 3999.75 |t Ej.4 | ||
| 859 | |a CEMS |b BIB. CEMS - 11 de abril |h 862.3 |i C127-2a8 |p 4000.75 |t Ej.5 | ||
| 859 | |a CEMS |b BIB. CEMS - 11 de abril |h 862.3 |i C127-2a8 |p 4001.75 |t Ej.6 | ||
| 859 | |a CEMS |b BIB. CEMS - 11 de abril |h 862.3 |i C127-2a8 |p 4002.75 |t Ej.7 | ||
| 859 | |a CEMS |b BIB. CEMS - 11 de abril |h 862.3 |i C127-2a8 |p 4003.75 |t Ej.8 | ||
| 859 | |a CEMS |b BIB. CEMS - 11 de abril |h 862.3 |i C127-2a8 |p 4004.75 |t Ej.9 | ||
